LEADER 00976nam0-22002891i-450- 001 990004446590403321 005 20120228105402.0 035 $a000444659 035 $aFED01000444659 035 $a(Aleph)000444659FED01 035 $a000444659 100 $a19990604d1797----km-y0itay50------ba 101 0 $aita 105 $ay-------001yy 200 1 $aConsiglio politico finora inedito presentato al Governo Veneto nell'anno 1736 dal marchese Scipione Maffei, diviso in tre Parti 210 $aVenezia$cDalla Stamperia Palese$d1797 215 $a125 p.$d19 cm 610 0 $aSTORIA. ITALIA. 1527-1796 676 $a945.074 700 1$aMaffei,$bScipione$f<1675-1755>$0135203 801 0$aIT$bUNINA$gRICA$2UNIMARC 901 $aAQ 912 $a990004446590403321 952 $aSG 900/A 92$bBibl. 9749$fFLFBC 959 $aFLFBC 996 $aConsiglio politico finora inedito presentato al governo veneto nell'anno 1736 dal marchese Scipione Maffei$9301454 997 $aUNINA LEADER 01049nam0-22002771i-450- 001 990001672630403321 005 20050525151541.0 035 $a000167263 035 $aFED01000167263 035 $a(Aleph)000167263FED01 035 $a000167263 100 $a20030910d1902----km-y0itay50------ba 101 0 $aita 200 1 $aAllegato n. 1 alla relazione della Sotto-Commissione incaricata dalla Commissione Censuaria Centrale di esaminare le tariffe d'estimo della provincia di Reggio Emilia$fMinistero delle Finanze 210 $aRoma$cCalzone-Villa$d1902 215 $a129 p.$d30 cm 610 0 $aImposte fondiarie 676 $a336.22 710 02$aItalia.$bMinistero delle finanze$0356818 801 0$aIT$bUNINA$gRICA$2UNIMARC 901 $aBK 912 $a990001672630403321 952 $a60 336.22 A 31$b18254$fFAGBC 959 $aFAGBC 996 $aAllegato n. 1 alla relazione della Sotto-Commissione incaricata dalla Commissione Censuaria Centrale di esaminare le tariffe d'estimo della provincia di Reggio Emilia$9370845 997 $aUNINA LEADER 01258nam--2200397---450- 001 990002807340203316 005 20060905123924.0 010 $a88-204-0761-2 035 $a000280734 035 $aUSA01000280734 035 $a(ALEPH)000280734USA01 035 $a000280734 100 $a20060905d1977----km-y0itay0103----ba 101 $aita 102 $aIT 105 $aa---||||001yy 200 1 $aTrattamento automatico delle informazioni$ei centri meccanografici, gli elaboratori elettronici, tecniche di programmazione, i diagrammi a blocchi, i linguaggi di programmazione$fAlessandro Moro 205 $a6. ed 210 $aMilano$cFranco Angeli$d1977 215 $a361 p.$cill.$d24 cm 225 2 $aManuali professionali 300 $aIn testa al front.: Nuova ed. aggiornata e ampliata 410 0$12001$aManuali professionali 454 1$12001 461 1$1001-------$12001 606 0 $aElaborazione dei dati 676 $a651.8 700 1$aMORO,$bAlessandro$0372103 801 0$aIT$bsalbc$gISBD 912 $a990002807340203316 951 $aP10 798$bDISTRA 959 $aBK 969 $aDISTRA 979 $aDISTRA2$b10$c20060905$lUSA01$h1239 996 $aTrattamento automatico delle informazioni$9510228 997 $aUNISA